ROCHEFORT, MARIELLE ou LES DEUX - Statistiques

Statistiques générales
  • Ce quiz a été pris 7 fois
  • Le résultat moyen est 10 sur 15
Statistiques - réponses
Question Réponse % Correct
Tandem (1987) Jean ROCHEFORT
100%
Coup de torchon (1981) Jean-Pierre MARIELLE
83%
Un moment d'égarement (1977) Jean-Pierre MARIELLE
83%
Que la fête commence (1975) LES DEUX
83%
Dupont Lajoie (1975) Jean-Pierre MARIELLE
67%
Ne le dis à personne (2006) Jean ROCHEFORT
67%
Les feux de la chandeleur (1972) Jean ROCHEFORT
67%
Le crabe-tambour (1977) Jean ROCHEFORT
67%
Le diable par la queue (1969) LES DEUX
67%
Les grands ducs (1996) LES DEUX
67%
Les acteurs (2000) Jean-Pierre MARIELLE
50%
Les mariées de l'an II (1971) Jean-Pierre MARIELLE
50%
Les malheurs d'Alfred (1971) Jean ROCHEFORT
50%
Calmos (1976) LES DEUX
50%
Comment réussir quand on est con et pleurnichard (1973) LES DEUX
33%
Aucun quiz correspondant
Distribution des résultats
% des personnes avec chaque résultat
Percentile par nombre de réponses
Votre historique - résultats
Vous n’avez pas pris ce quiz